| 000 | 01265nam a22003377a 4500 | ||
|---|---|---|---|
| 003 | OSt | ||
| 005 | 20230712101314.0 | ||
| 008 | 221006b |||||||| |||| 00| 0 eng d | ||
| 040 | _cBiblioteca Lado V | ||
| 082 |
_a306.4 _bM453r |
||
| 100 |
_9885 _aMaura, Antonio _eeditor |
||
| 245 |
_aRevista de cultura Brasileña/ _bImágenes de Brasil/ |
||
| 260 |
_c2006 _bEmbajada de Brasil en Madrid _aMadrid |
||
| 300 |
_c17x23cm _a196p. |
||
| 490 |
_v2006 _a4 |
||
| 505 | _aPresentacion | ||
| 505 | _aEl caleidoscopio brasileño | ||
| 505 | _aSobre la ¨America Portuguesa¨ | ||
| 505 | _aImágenes e imaginario del Brasil colonial | ||
| 505 | _aLa poesía española de Murilo Mendes | ||
| 505 | _aDinámicas y líneas de fuerza en el interior del sistema literario brasileño durante el siglo XX | ||
| 505 | _aDel Semba al Samba | ||
| 505 | _aBossa Nova | ||
| 505 | _aUna poética en la arquitectura brasileña | ||
| 505 | _aLas aporias del liberalismo periférico | ||
| 505 | _aEl panorama político actual en brasil | ||
| 650 |
_2Tesauro de Arte & Arquitectura _aARTE |
||
| 650 |
_2Tesauro de Arte & Arquitectura _aCULTURA |
||
| 651 |
_2Tesauro de Arte & Arquitectura _aVISION DE BRASIL |
||
| 942 |
_2ddc _c1 _h306.4 _iM453r _n0 |
||
| 999 |
_c4026 _d4026 |
||